000 00614nam a2200193Ia 4500
003 IN-BaIIA
008 211028s9999 xx 000 0 eng d
020 _a0-85066-222-2
040 _cIIA Library
080 _a535
_bCUR
245 0 _aCurrent trends in optics
_binvited papers from the ICO-12 meeting Graz, Austria, 1981
_cedited by F. T. Arecchi and F. R. Aussenegg
260 _aLondon
_bTaylor and Francis
_c1981
300 _avii, 190p.
650 _aAstronomy and astrophysics thesaurus
650 _aOptics
700 _aArecchi, F. T.,ed.
_912294
700 _aAussenegg, F. R., ed.
_912295
942 _cBK
999 _c7166
_d7166